THE ULTIMATE RuPaul's Drag Race Queens Quiz - Statistics

General Stats
  • This quiz has been taken 10,700 times
    628 since last reset
  • The average score is 308 of 723
Answer Stats
SEASON QUEENS % Correct
USA 1 BeBe Zahara Benet
89%
USA 3 Raja
87%
BRASIL 2 Chanel
85%
USA 2 Jujubee
85%
USA 1 Ongina
85%
USA 1 Shannel
85%
USA 5 Alyssa Edwards
84%
USA 2 Raven
84%
USA 1 Nina Flowers
83%
USA 7 Ginger Minj
82%
USA 5 Jinkx Monsoon
82%
USA 3 Manila Luzon
82%
USA 5 Roxxxy Andrews
82%
USA 2 Shangela
82%
ESPAÑA 2 Sharonne
82%
USA 1 Tammie Brown
82%
USA 7 Trixie Mattel
82%
USA 2 Tyra Sanchez
82%
USA 1 Victoria Porkchop Parker
82%
USA 5 Alaska
81%
UK 1 Crystal
81%
USA 7 Katya
81%
USA 3 Alexis Mateo
80%
USA 6 Bianca Del Rio
80%
USA 5 Detox
80%
USA 13 Gottmik
80%
USA 12 Jan
80%
USA 2 Tatianna
80%
USA 6 Adore Delano
79%
USA 5 Coco Montrese
79%
USA 1 Jade
79%
USA 7 Kennedy Davenport
79%
USA 4 Latrice Royale
79%
USA 4 Phi Phi O'Hara
79%
USA 4 Chad Michaels
78%
USA 10 Monét X Change
78%
USA 8 Bob The Drag Queen
77%
USA 13 Denali
77%
USA 9 Eureka O'Hara
77%
USA 12 Jaida Essence Hall
77%
USA 13 Kandy Muse
77%
USA 3 Mariah Paris Balenciaga
77%
USA 6 Milk
77%
USA 15 Mistress Isabelle Brooks
77%
USA 2 Pandora Boxx
77%
USA 13 Rosé
77%
FRANCE 2 Rose
77%
USA 11 Silky Nutmeg Ganache
77%
UK 1 The Vivienne
77%
USA 9 Trinity The Tuck / Taylor
77%
USA 7 Violet Chachki
77%
USA 11 Yvie Oddly
77%
USA 9 Aja
76%
USA 14 Jorgeous
76%
USA 2 Kylie Sonique Love
76%
USA 2 Nicole Paige Brooks
76%
USA 15 Sasha Colby
76%
USA 9 Shea Couleé
76%
USA 10 Vanessa Vanjie Mateo
76%
USA 8 Acid Betty
75%
USA 14 Bosco
75%
USA 14 Daya Betty
75%
USA 4 Jiggly Caliente
75%
USA 14 Kerri Colby
75%
USA 17 Lydia B Kollins
75%
USA 8 Naomi Smalls
75%
USA 9 Sasha Velour
75%
USA 3 Sharon Needles
75%
USA 13 Symone
75%
USA 14 Willow Pill
75%
USA 1 Akashia
74%
USA 14 Angeria Paris VanMicheals
74%
USA 6 Ben De La Creme
74%
USA 6 Courtney Act
74%
USA 7 Max
74%
USA 11 Nina West
74%
USA 16 Plane Jane
74%
USA 11 Plastique Tiara
74%
USA 5 Serena ChaCha
74%
USA 15 Spice
74%
USA 13 Tina Burner
74%
USA 9 Valentina
74%
USA 3 Yara Sofia
74%
USA 6 Gia Gunn
73%
USA 8 Kim Chi
73%
USA 3 Mimi Imfurst
73%
USA 2 Morgan McMichaels
73%
USA 17 Onya Nurve
73%
USA 11 Ra'Jah O'Hara
73%
USA 1 Rebecca Glasscock
73%
USA 15 Sugar
73%
USA 10 Aquaria
72%
USA 6 Darienne Lake
72%
USA 12 Gigi Goode
72%
USA 3 India Ferrah
72%
USA 15 Irene Dubois / The Alien
72%
USA 10 Miz Cracker
72%
USA 16 Nymphia Wind
72%
USA 7 Pearl
72%
USA 16 Q
72%
USA 11 Scarlet Envy
72%
USA 6 Trinity K. Bonet
72%
USA 8 Cynthia Lee Fontaine
71%
USA 5 Jade Jolie
71%
USA 17 Kori King
71%
CANADA 1 Lemon
71%
USA 17 Lexi Love
71%
USA 3 Phoenix
71%
CANADA 4 Venus
71%
USA 11 A'Keria C. Davenport
70%
USA 9 Alexis Michelle
70%
USA 11 Brooke Lynn Hytes
70%
USA 8 Chi Chi DeVayne
70%
USA 9 Farrah Moan
70%
USA 12 Heidi N Closet
70%
USA 10 Monique / Mo Heart
70%
USA 9 Nina Bo'nina Brown
70%
USA 13 Olivia Lux
70%
USA 2 Sahara Davenport
70%
USA 8 Thorgy Thor
70%
USA 13 Utica
70%
USA 14 Alyssa Hunter
69%
USA 15 Anetra
69%
USA 12 Crystal Methyd
69%
USA 14 DeJa Skye
69%
USA 8 Derrick Barry
69%
USA 2 Jessica Wild
69%
CANADA 1 Jimbo
69%
USA 16 Morphine Love Dion
69%
USA 5 Ivy Winters
68%
USA 7 Jasmine Masters
68%
USA 14 Lady Camden
68%
USA 10 Mayhem Miller
68%
USA 17 Sam Star
68%
USA 12 Sherry Pie
68%
USA 18 Athena Dion
67%
USA 3 Delta Work
67%
USA 17 Jewels Sparkles
67%
USA 18 Juicy Love Dion
67%
USA 11 Kahanna Montrese
67%
USA 15 Luxx Noir London
67%
USA 2 Mystique Summers Madison
67%
USA 9 Peppermint
67%
PHILIPPINES 1 Prince
67%
USA 17 Suzie Toot
67%
USA 4 The Princess
67%
USA 10 Asia O'Hara
66%
USA 15 Jax
66%
USA 13 Kahmora Hall
66%
USA 6 Laganja Estranja
66%
USA 13 Lala Ri
66%
USA 7 Mrs. Kasha Davis
66%
USA 16 Sapphira Cristál
66%
USA 13 Tamisha Iman
66%
USA 10 Yuhua Hamasaki
66%
USA 3 Carmen Carrera
65%
USA 4 Dida Ritz
65%
USA 13 Elliott With 2 Ts
65%
USA 18 Jane Don't
65%
USA 9 Jaymes Mansfield
65%
USA 10 Kameron Michaels
65%
USA 8 Naysha Lopez
65%
USA 12 Nicky Doll
65%
USA 18 Nini Coco
65%
USA 4 Willam
65%
USA 12 Jackie Cox
64%
USA 14 Jasmine Kennedie
64%
USA 4 Kenya Michaels
64%
USA 14 Kornbread "The Snack" Jeté
64%
UK 3 Krystal Versace
64%
USA 15 Marcia Marcia Marcia
64%
USA 7 Miss Fame
64%
USA 5 Monica Beverly Hillz
64%
CANADA 1 Priyanka
64%
UK 2 Tia Kofi
64%
USA 12 Aiden Zhane
63%
USA 15 Amethyst
63%
USA 6 April Carrión
63%
USA 12 Brita
63%
USA 16 Dawn
63%
CANADA 2 Icesis Couture
63%
USA 18 Kenya Pleaser
63%
USA 9 Kimora Blac
63%
UK 2 Lawrence Chaney
63%
USA 18 Myki Meeks
63%
USA 14 Orion Story
63%
USA 16 Plasma
63%
USA 17 Arrietty
62%
UK 1 Baga Chipz
62%
UK 1 Blu Hydrangea
62%
USA 8 Dax Exclamation Point
62%
USA 5 Honey Mahogany
62%
USA 13 Joey Jay
62%
USA 7 Kandy Ho
62%
USA 15 Loosey LaDuca
62%
USA 14 Maddy Morphosis
62%
USA 16 Mhi'ya Iman Le'Paige
62%
USA 18 Mia Starr
62%
USA 4 Milan
62%
USA 5 Penny Tration
62%
USA 15 Princess Poppy
62%
USA 7 Sasha Belle
62%
USA 7 Tempest DuJour
62%
USA 5 Vivienne Pinay
62%
USA 4 Alisa Summers
61%
USA 10 Blair St. Clair
61%
USA 18 Darlene Mitchell
61%
USA 18 DD Fuego
61%
USA 7 Jaidynn Diore Fierce
61%
USA 6 Joslyn Fox
61%
USA 6 Kelly Mantle
61%
UK 3 Kitty Scott-Claus
61%
FRANCE 1 La Grande Dame
61%
ESPAÑA 2 Marina
61%
USA 16 Megami
61%
USA 10 The Vixen
61%
USA 6 Vivacious
61%
USA 16 Xunami Muse
61%
USA 12 Dahlia Sin
60%
USA 17 Hormona Lisa
60%
USA 17 Joella
60%
USA 14 June Jambalaya
60%
USA 18 Mandy Mango
60%
USA 8 Robbie Turner
60%
USA 16 Amanda Tori Meating
59%
USA 18 Discord Addams
59%
USA 8 Laila McQueen
59%
USA 17 Lucky Starzzz
59%
USA 6 Magnolia Crawford
59%
PHILIPPINES 1 Marina Summers
59%
USA 16 Mirage
59%
USA 11 Soju
59%
USA 3 Venus D-Lite
59%
USA 12 Widow Von’Du
59%
USA 18 Briar Blush
58%
USA 18 Ciara Myst
58%
USA 17 Crystal Envy
58%
USA 16 Geneva Karr
58%
USA 17 Lana Ja'Rae
58%
USA 15 Salina EsTitties
58%
UK 7 Bones
57%
THAILAND 3 Gawdland
57%
USA 16 Hershii LiqCour-Jeté
57%
USA 11 Honey Davenport
57%
UK 6 Kyran Thrax
57%
UK 6 La Voix
57%
UK 4 Le Fil
57%
USA 12 Rock M. Sakura
57%
UK 4 Sminty Drop
57%
UK 2 Tayce
57%
USA 18 Vita VonTesse Starr
57%
USA 17 Acacia Forgot
56%
UK 2 Bimini Bon-Boulash
56%
USA 9 Charlie Hides
56%
UK 4 Danny Beard
56%
UK 1 Gothy Kendoll
56%
USA 4 Lashauwn Beyond
56%
USA 15 Malaysia Babydoll Foxx
56%
USA 15 Robin Fierce
56%
USA 3 Stacy Layne Matthews
56%
UK 1 Sum Ting Wong
56%
USA 11 Ariel Versace
55%
USA 15 Aura Mayari
55%
USA 10 Kalorie Karbdashian Williams
55%
UK 5 Kate Butch
55%
USA 5 Lineysha Sparx
55%
USA 4 Madame LaQueer
55%
UKVTW 1 Pangina Heals
55%
CANADA 1 Rita Baga
55%
USA 11 Shuga Cain
55%
UK 3 Ella Vaday
54%
DOWN UNDER 2 Hannah Conda
54%
USA 11 Mercedes Iman Diamond
54%
USA 10 Dusty Ray Bottoms
53%
DOWN UNDER 2 Kween Kong
53%
CANADA 2 Pythia
53%
UK 1 Cheryl Hole
52%
UK 3 Choriza May
52%
SVERIGE 1 Fontana
52%
CANADA 2 Kendall Gender
52%
UK 3 Victoria Scone
52%
SVERIGE 1 Elecktra
51%
UK 5 Ginger Johnson
51%
CANADA 3 Miss Fiercalicious
51%
GERMANY 1 Tessa Testicle
51%
UK 3 Vanity Milan
51%
FRANCE 1 Soa de Muse
50%
CANADA 6 Van Goth
50%
PHILIPPINES 3 Angel
49%
UK 4 Jonbers Blonde
49%
BELGIQUE 2 Star
49%
ESPAÑA 1 Arantxa Castilla-La Mancha
48%
UK 2 A'Whora
48%
UK 4 Cheddar Gorgeous
48%
UK 1 Divina De Campo
48%
CANADA 3 Gisèle Lullaby
48%
FRANCE 2 Keiona
48%
HOLLAND 2 Keta Minaj
48%
FRANCE 2 Mami Watta
48%
PHILIPPINES 1 Minty Fresh
48%
MÉXICO 1 Serena Morena
48%
GERMANY 1 The Only Naomy
48%
UK 2 Cherry Valentine
47%
UK 2 Ellie Diamond
47%
UK 2 Joe Black
47%
CANADA 4 Melinda Verga
47%
FRANCE 2 Moon
47%
CANADA 1 Scarlett BoBo
47%
CANADA 2 Suki Doll
47%
CANADA 1 Tynomi Banks
47%
UK 2 Veronica Green
47%
UK 6 Zahirah Zapanta
47%
HOLLAND 1 Envy Peru
46%
FRANCE 1 La Kahena
46%
ITALIA 2 Nehellenia
46%
ESPAÑA 2 Drag Sethlas
45%
MÉXICO 1 Gala Varo
45%
UK 2 Ginny Lemon
45%
HOLLAND 1 Janey Jacké
45%
CANADA 1 Juice Boxx
45%
FRANCE 1 La Big Bertha
45%
GERMANY 1 Pandora Nox
45%
UK 3 River Medway
45%
CANADA 5 The Virgo Queen
45%
SVERIGE 1 Vanity Vain
45%
CANADA 1 BOA
44%
DOWN UNDER 1 Kita Mean
44%
FRANCE 1 Paloma
44%
UK 2 Sister Sister
44%
DOWN UNDER 1 Anita Wigl'it
43%
CANADA 4 Aurora Matrix
43%
UK 4 Black Peppa
43%
CANADA 6 Sami Landri
43%
UK 1 Scaredy Kat
43%
PHILIPPINES 2 Bernie
42%
PHILIPPINES 1 Brigiding
42%
CANADA 6 Eboni La'Belle
42%
CANADA 2 Gia Metric
42%
CANADA 3 Kimmy Couture
42%
UK 7 Paige Three
42%
UK 3 Scarlett Harlett
42%
CANADA 2 Stephanie Prince
42%
UK 4 Baby
41%
PHILIPPINES 1 Eva Le Queen
41%
UK 6 Marmalade
41%
UK 7 Nyongbella
41%
CANADA 6 PM
41%
UK 1 Vinegar Strokes
41%
DOWN UNDER 1 Art Simone
40%
BELGIQUE 1 Athena Sorgelikis / Likis
40%
FRANCE 1 Elips
40%
UK 7 Elle Vosque
40%
CANADA 3 Jada Shada Hudson
40%
PHILIPPINES 3 Khianna
40%
DOWN UNDER 4 Lazy Susan
40%
CANADA 5 Makayla Couture
40%
ESPAÑA 1 Sagittaria
40%
UK 6 Actavia
39%
UK 3 Anubis
39%
UK 5 Cara Melle
39%
ESPAÑA 1 Carmen Farala
39%
UK 4 Dakota Schiffer
39%
UK 3 Elektra Fence
39%
CANADA 2 Eve 6000
39%
FRANCE 1 Kam Hugh
39%
BRASIL 1 Miranda Lebrão
39%
FRANCE 3 Misty Phoenix
39%
FRANCE 2 Punani
39%
UK 6 Rileasa Slaves
39%
DOWN UNDER 2 Spankie Jackzon
39%
CANADA 2 Synthia Kiss
39%
UK 5 Tomara Thomas
39%
HOLLAND 2 Vanessa Van Cartier
39%
PHILIPPINES 1 Viñas DeLuxe
39%
UK 2 Asttina Mandella
38%
UK 7 Bonnie Ann Clyde
38%
UK 6 Lill
38%
UK 5 Michael Marouli
38%
UK 4 Pixie Polite
38%
PHILIPPINES 2 Arizona Brandy
37%
UK 3 Charity Kase
37%
FRANCE 2 Piche
37%
UK 7 Tayris Mongardi
37%
UK 6 Chanel O'Conor
36%
CANADA 4 Denim
36%
CANADA 6 Dulce
36%
DOWN UNDER 3 Ivory Glaze
36%
FRANCE 2 Kitty Space
36%
FRANCE 3 Le Filip
36%
PHILIPPINES 3 Maxie
36%
ESPAÑA 1 Pupi Poisson
36%
THAILAND 3 Siam Phusri
36%
CANADA 4 The Girlfriend Experience
36%
UK 5 Banksie
35%
UK 5 DeDeLicious
35%
UK 6 Dita Garbo
35%
ESPAÑA 1 Drag Vulcano
35%
CANADA 1 Ilona Verley
35%
ESPAÑA 2 Juriji Der Klee
35%
CANADA 6 Karamilk
35%
FRANCE 1 Lolita Banana
35%
CANADA 5 Minhi Wang
35%
CANADA 4 Nearah Nuff
35%
PHILIPPINES 1 Precious Paula Nicole
35%
CANADA 6 Saltina Shaker
35%
UK 7 Silllexa Diction
35%
UK 7 Viola
35%
CANADA 2 Adriana
34%
CANADA 2 Beth
34%
UK 7 Catrin Feelings
34%
DOWN UNDER 1 Elektra Shock
34%
DOWN UNDER 1 Karen from Finance
34%
CANADA 2 Kimora Amour
34%
CANADA 1 Kyne
34%
BELGIQUE 2 Madame Yoko
34%
FRANCE 3 Magnetica
34%
ESPAÑA 2 Onyx Unleashed
34%
UK 7 Pasty
34%
UK 7 Sally™
34%
UK 4 Starlet
34%
UK 5 Alexis Saint-Pete
33%
UK 6 Charra Tea
33%
ITALIA 1 Elecktra Bionic
33%
CANADA 6 Hazel
33%
DOWN UNDER 3 Isis Avis Loren
33%
UK 4 Just May
33%
CANADA 1 Kiara
33%
CANADA 2 Océane Aqua-Black
33%
CANADA 5 Perla
33%
ESPAÑA 2 Samantha Ballentines
33%
DOWN UNDER 1 Scarlet Adams
33%
CANADA 6 Star Doll
33%
CANADA 6 Velma Jones
33%
UK 5 Vicki Vivacious
33%
UK 4 Copper Topp
32%
CANADA 3 Irma Gerd
32%
UK 6 Kiki Snatch
32%
HOLLAND 1 Miss Abby OMG
32%
CANADA 6 Paolo Perfección
32%
UK 6 Saki Yew
32%
CANADA 3 Vivian Vanderpuss
32%
CANADA 5 Xana
32%
SVERIGE 1 Admira Thunderpussy
31%
PHILIPPINES 2 Captivating Katkat
31%
DOWN UNDER 1 Coco Jumbo
31%
ESPAÑA 4 Le Cocó
31%
ESPAÑA 3 Pakita
31%
CANADA 1 Anastarzia Anaquway
30%
THAILAND 2 Angele Anang
30%
CANADA 3 Bombae
30%
UK 7 Chai T Grande
30%
DOWN UNDER 1 Etcetera Etcetera
30%
CANADA 5 Helena Poison
30%
CANADA 3 Kaos
30%
CANADA 3 Lady Boom Boom
30%
CANADA 6 Mya Foxx
30%
BRASIL 1 Organzza
30%
FRANCE 2 Sara Forever
30%
CANADA 3 Halal Bae
29%
ESPAÑA 1 Inti
29%
CANADA 5 Jaylene Tyme
29%
FRANCE 1 La Briochée
29%
PHILIPPINES 2 M1ss Jade So
29%
ESPAÑA 3 Pitita
29%
FRANCE 3 Ruby On The Nail
29%
FRANCE 2 Ginger Bitch
28%
CANADA 3 Miss Moço
28%
ESPAÑA 1 The Macarena
28%
CANADA 5 Uma Gahd
28%
THAILAND 2 Bandit
27%
BELGIQUE 1 Drag Couenne
27%
ESPAÑA 3 Hornella Góngora
27%
ESPAÑA 1 Hugáceo Crujiente
27%
FRANCE 1 Lova Ladiva
27%
DOWN UNDER 1 Maxi Shield
27%
UK 5 Miss Naomi Carter
27%
ESPAÑA 3 Pink Chadora
27%
BRASIL 2 Ruby Nox
27%
ESPAÑA 5 Satín Greco
27%
HOLLAND 2 Vivaldi
27%
MÉXICO 1 Cristian Peralta
26%
CANADA 4 Kitten Kaboodle
26%
ITALIA 2 La Diamond
26%
GERMANY 1 Metamorkid
26%
DOWN UNDER 4 Vybe
26%
DOWN UNDER 3 Flor
25%
MÉXICO 2 Horacio Potasio
25%
DOWN UNDER 1 Jojo Zaho
25%
THAILAND 2 Kandy Zyanide
25%
CANADA 4 Kiki Coe
25%
ESPAÑA 1 Killer Queen
25%
MÉXICO 2 Leexa Fox
25%
FRANCE 3 Leona Winter
25%
CANADA 4 Luna DuBois
25%
DOWN UNDER 4 Max Drag Queen
25%
DOWN UNDER 2 Minnie Cooper
25%
THAILAND 1 Natalia Pliacam
25%
CANADA 5 Tara Nova
25%
CANADA 5 Tiffany Ann Co.
25%
CANADA 4 Aimee Yonce Shennel
24%
BELGIQUE 2 Alvilda
24%
GERMANY 1 Barbie Q
24%
FRANCE 2 Cookie Kunty
24%
ESPAÑA 1 Dovima Nurmi
24%
THAILAND 3 Frankie Wonga
24%
DOWN UNDER 3 Hollywould Star
24%
HOLLAND 1 Ma'Ma Queen
24%
CANADA 5 Sanjina Dabish Queen
24%
CANADA 4 Sisi Superstar
24%
BELGIQUE 1 Susan
24%
FRANCE 2 Vespi
24%
MÉXICO 1 Matraka
23%
DOWN UNDER 4 Nikita Iman
23%
ESPAÑA 5 Nix
23%
MÉXICO 1 Pixie Pixie
23%
GERMANY 1 Victoria Shakespears
23%
PHILIPPINES 1 Xilhouete
23%
DOWN UNDER 2 Beverly Kills
22%
CANADA 3 Chelazon Leroux
22%
ESPAÑA 3 Drag Chuchi
22%
DOWN UNDER 3 Gabriella Labucci
22%
THAILAND 1 JAJA
22%
ESPAÑA 3 Kelly Roller
22%
ESPAÑA 4 La Niña Delantro
22%
ITALIA 3 Lina Galore
22%
HOLLAND 2 My Little Puny
22%
ESPAÑA 4 Vampirashian / La Bella Vampi
22%
DOWN UNDER 2 Yuri Guaii
22%
FRANCE 3 Afrodite Amour
21%
ESPAÑA 4 Chloe Vittu
21%
ESPAÑA 3 Clover Bish
21%
ESPAÑA 4 Dita Dubois
21%
ESPAÑA 2 Estrella Xtravaganza
21%
HOLLAND 1 Madame Madness
21%
DOWN UNDER 4 Mandy Moobs
21%
DOWN UNDER 2 Molly Poppinz
21%
FRANCE 3 Perseo
21%
DOWN UNDER 3 Rita Menu
21%
HOLLAND 1 Roem
21%
HOLLAND 1 Sederginne
21%
ESPAÑA 2 Venedita Von Däsh
21%
ESPAÑA 3 Visa
21%
DOWN UNDER 3 Amyl
20%
ESPAÑA 4 Angelita la Perversa
20%
THAILAND 1 B Ella
20%
HOLLAND 1 Chelsea Boy
20%
HOLLAND 2 Juicy Kutoure
20%
FRANCE 3 Lula Strega
20%
ESPAÑA 4 Mariana Stars
20%
THAILAND 1 Meannie Minaj
20%
FRANCE 3 Norma Bell
20%
BELGIQUE 1 Peach
20%
HOLLAND 2 The Countess
20%
PHILIPPINES 3 Tita Baby
20%
BRASIL 2 Adora Black
19%
DOWN UNDER 3 Ashley Madison
19%
FRANCE 3 Edeha Noire
19%
MÉXICO 2 Eva Blunt
19%
ITALIA 1 Farida Kant
19%
DOWN UNDER 2 Faúx Fúr
19%
DOWN UNDER 4 Freya Armani
19%
THAILAND 2 Genie
19%
ESPAÑA 4 Kelly Passa!?
19%
BELGIQUE 2 La Veuve
19%
ESPAÑA 5 Margarita Kalifata
19%
ITALIA 2 Obama
19%
ESPAÑA 4 Porca Theclubkid
19%
MÉXICO 1 Regina Voce
19%
ESPAÑA 2 Ariel Rec
18%
ESPAÑA 3 Bestiah
18%
BRASIL 1 Betina Polaroid
18%
ESPAÑA 5 Dafne Mugler
18%
MÉXICO 2 Elektra Vandergeld
18%
ITALIA 1 Enorma Jean
18%
SVERIGE 1 Imaa Queen
18%
HOLLAND 2 Ivy-Elyse
18%
ESPAÑA 5 Laca Udilla
18%
PHILIPPINES 1 Lady Morgana
18%
ESPAÑA 4 Megui Yeillow
18%
THAILAND 2 Mocha Diva
18%
ESPAÑA 5 Nori
18%
DOWN UNDER 4 Olivia Dreams
18%
PHILIPPINES 2 ØV Cünt
18%
PHILIPPINES 3 Popstar Bench
18%
HOLLAND 2 Tabitha
18%
MÉXICO 1 Vermelha Noir
18%
PHILIPPINES 3 Versex
18%
GERMANY 1 Yvonne Nightstand
18%
THAILAND 3 Zepee
18%
PHILIPPINES 3 Zymba Ding
18%
SVERIGE 1 Antonina Nutshell
17%
ESPAÑA 5 Denébola Murnau
17%
ESPAÑA 2 Diamante Merybrown
17%
ESPAÑA 5 Eva Harrington
17%
DOWN UNDER 3 Ivanna Drink
17%
THAILAND 2 Kana Warrior
17%
THAILAND 2 Katy Killer
17%
GERMANY 1 Kelly Heelton
17%
ESPAÑA 5 Krystal Forever
17%
MÉXICO 1 Lady Kero
17%
GERMANY 1 LéLé Cocoon
17%
HOLLAND 1 Patty Pam-Pam
17%
BRASIL 2 Poseidon Drag
17%
THAILAND 2 Srimala
17%
THAILAND 3 Srirasha Hotsauce
17%
PHILIPPINES 1 Turing
17%
THAILAND 2 Vanda Miss Joaquim
17%
ESPAÑA 3 Vania Vainilla
17%
ESPAÑA 5 Alexandra del Raval
16%
BELGIQUE 1 Amanda Tears
16%
THAILAND 1 Année Maywong
16%
DOWN UNDER 4 Brenda Bressed
16%
DOWN UNDER 3 Bumpa Love
16%
ESPAÑA 3 Chanel Anorex
16%
BRASIL 1 Diva More
16%
SVERIGE 1 Endigo
16%
BELGIQUE 2 Gabanna
16%
DOWN UNDER 4 Karna Ford
16%
BELGIQUE 1 Mademoiselle Boop
16%
MÉXICO 1 Margaret Y Ya
16%
ESPAÑA 3 Maria Edilia
16%
BELGIQUE 1 Mocca Bone
16%
PHILIPPINES 3 Myx Chanel
16%
DOWN UNDER 2 Pomara Fifth
16%
ESPAÑA 4 Shani LaSanta
16%
BELGIQUE 1 Valenciaga
16%
THAILAND 1 Amadiva
15%
BRASIL 1 Aquarela
15%
DOWN UNDER 2 Aubrey Haive
15%
BRASIL 2 Bhelchi
15%
BELGIQUE 1 Brittany Von Bottoks
15%
PHILIPPINES 1 Corazon
15%
PHILIPPINES 1 Gigi Era
15%
THAILAND 3 Gigi Ferocious
15%
ESPAÑA 2 Jota Carajota
15%
PHILIPPINES 3 J Quinn
15%
ESPAÑA 5 La Escándalo
15%
ITALIA 1 Le Riche
15%
BELGIQUE 2 Loulou Velvet
15%
HOLLAND 2 Love Masisi
15%
DOWN UNDER 4 Lucina Innocence
15%
MÉXICO 2 Luna Lansman
15%
ITALIA 1 Luquisha Lubamba
15%
ESPAÑA 2 Marisa Prisa
15%
HOLLAND 1 Megan Schoonbrood
15%
ITALIA 3 Melissa Bianchini
15%
BRASIL 2 Mellody Queen
15%
THAILAND 2 Miss Gimhuay
15%
ESPAÑA 4 Miss Khristo
15%
MÉXICO 1 Miss Vallarta
15%
GERMANY 1 Nikita Vegaz
15%
HOLLAND 2 Reggy B
15%
BRASIL 1 Rubi Ocean
15%
SVERIGE 1 Santana Sexmachine
15%
BRASIL 1 Shannon Skarllet
15%
THAILAND 2 Silver Sonic
15%
THAILAND 3 Spicy Sunshine
15%
THAILAND 2 Tormai
15%
MÉXICO 2 Unique
15%
PHILIPPINES 3 Yudipota
15%
MÉXICO 1 Argennis
14%
ITALIA 1 Ava Hangar
14%
THAILAND 1 Bunny Be Fly
14%
THAILAND 1 Dearis Doll
14%
ITALIA 1 Ivana Vamp
14%
MÉXICO 2 Jenary Bloom
14%
ITALIA 2 La Petite Noire
14%
THAILAND 1 Morrigan
14%
BRASIL 1 Naza
14%
THAILAND 3 Shortgun
14%
PHILIPPINES 2 Tiny Deluxe
14%
PHILIPPINES 2 Veruschka Levels
14%
SVERIGE 1 Almighty Aphroditey
13%
ITALIA 2 Aura Eternal
13%
BRASIL 2 DesiRée Beck
13%
BELGIQUE 1 Edna Sorgelsen
13%
ESPAÑA 5 Ferrxn
13%
MÉXICO 2 Garçonne
13%
BRASIL 1 Hellena Malditta
13%
PHILIPPINES 3 John Fedellaga
13%
GERMANY 1 Loreley Rivers
13%
PHILIPPINES 2 Matilduh
13%
BRASIL 2 Melina Blley
13%
BRASIL 2 Mercedez Vulcão
13%
BELGIQUE 2 Morphae
13%
THAILAND 2 M Stranger Fox
13%
MÉXICO 2 Nina de la Fuente
13%
BRASIL 2 Paola Hoffmann Van Cartier
13%
THAILAND 1 Petchra
13%
BELGIQUE 2 Sarah Logan
13%
MÉXICO 2 Suculenta
13%
ITALIA 3 Adriana Picasso
12%
PHILIPPINES 2 Astrid Mercury
12%
MÉXICO 2 Ava Pocket
12%
THAILAND 3 Benze Diva
12%
BELGIQUE 2 Chloe Clarke
12%
PHILIPPINES 2 DeeDee Marié Holliday
12%
ITALIA 1 Divinity
12%
MÉXICO 2 Ignus Ars
12%
ITALIA 3 La Prada
12%
THAILAND 2 Maya B'Haro
12%
PHILIPPINES 2 Nicole Pardaux
12%
ITALIA 2 Panthera Virus
12%
BRASIL 1 Tristan Soledade
12%
BRASIL 1 Dallas de Vil
11%
ITALIA 2 Gioffré
11%
PHILIPPINES 2 Hana Beshie
11%
ITALIA 3 La Sheeva
11%
ITALIA 3 Lightning Aurora
11%
BRASIL 1 Melusine Sparkle
11%
ITALIA 3 Sissy Lea
11%
ITALIA 2 Skandalove
11%
ITALIA 3 Leila Yarn
10%
ITALIA 3 Morgana Cosmica
10%
THAILAND 3 Nane Sphera
10%
ITALIA 2 Narciso
10%
ITALIA 2 Tanissa Yoncè
10%
ITALIA 3 Vezirja
10%
ITALIA 3 Amy Krania
9%
THAILAND 3 Kara Might
9%
MÉXICO 2 María Bonita
9%
ITALIA 3 Silvana della Magliana
9%
ITALIA 3 Sypario
9%
No matching quizzes found
Score Distribution
Percent of People with Each Score
Percentile by Number Answered
Your Score History
You have not taken this quiz since the last reset